Регионална библиотека "Любен Каравелов" - Русе

Чудното пътуване на Нилс Холгерсон през Швеция (Запис номер 19792)

MARC детайли
000 -Лидер
Контролно поле с фиксирана дължина 01636nam a2200361 c 4500
003 - Код на организацията, давaща контролен номер
Контролно поле BLK
005 - Дата и час на последна редакция
Контролно поле 20220704155437.0
008 - Елементи от данни с фиксирана дължина
fixed length control field 180413b bul|||||r ||||||| ||bul||
010 ## - Наследен системен номер
LC control number KNG00021947000
020 ## - Международен стандартен номер на книга ISBN
Международен стандартен номер на книга ISBN 954-657-148-2
-- издат.: Пан
040 ## - Източник на каталожния запис
Идентификатор на билиотеката - собственик на записа BLK
041 ## - Код за език
Код за езика на текст/звукозапис или на отделно заглавие Български
Код за езика КДБФ Български
080 ## - УДК
Текстов определител УДК Шведска литература
УДК код - определител по УДК 821.113.6
УДК определител -93-31
УДК - код + определител 821.113.6-93-31
100 1# - Редна дума - Автор
Автор Лагерльоф, Селма Отилиана Лувиса
Авторска отговорност първи автор
R(LIN) 86997
139 ## - Редно поле
Редна дума Лагерльоф, Селма Отилиана Лувиса
Авторски знак Лаг - Л 13
245 10 - Сведения за заглавието
Заглавие Чудното пътуване на Нилс Холгерсон през Швеция
Подзаглавни данни Роман за деца
Редно поле (дума) Селма Отилиана Лувиса Лагерльоф; прев. от швед. Стоян Кайнаров.
250 ## - Област на изданието
Сведения за изданието 5. изд.
257 ## - Страна на издаване
Страна на създаване/издаване Швеция
260 ## - Област на издателските данни
-- София
Име на издателя, разпространителя и проч. Пан
Година на издаване 1998
Печатница София : Балкан прес
300 ## - Физическа характеристика
Страници 558 с.
Илюстрации и др. с ил.
Размери/Мащаб 20 см
380 ## - Жанр
Жанр Детска худож. лит.
490 1# - СЕРИИ (Колекции)
Име на серия Вечните детски романи
№: серия 35
500 ## - Общи забележки
Забележка Ориг. загл. Nils Holgerssons underbara resa genom Sverige / Selma Lagerlof . - 1. изд. 1960 на изд. Нар. култура. - 3 000 тир.
653 ## - Ключова дума – ненормативна
Ключова дума романи
653 ## - Ключова дума – ненормативна
Ключова дума литература за деца
653 ## - Ключова дума – ненормативна
Ключова дума детска литература
700 1# - Други автори (авторска отговорност)
Лично име Кайнаров, Стоян
Автороска отговорност (Описва отношението между автора и произведението) прев. от швед.
9 (RLIN) 74987
852 ## - Местоположение
Форматна сигнатура Цб 195474
856 4# - Електронен адрес и достъп
Електронен формат pdf - файл
Път до файла /url/
856 4# - Електронен адрес и достъп
Електронен формат pdf - файл
Път до файла /url/
942 ## - АРТИКУЛИ
Вид на библиотечния материал Книги
Скрит в OPAC Не
Koha issues (borrowed), all copies 2
944 ## - СЪЗДАВАНЕ И РЕДАКЦИЯ на ЗАПИСА
Създаване/Редакция Създаване
Дата на регистрацията/редакция 15.01.2003
Статус, дата на статуса ф /
Служител, извършил регистрацията/редакцията Геновева_Генчева
944 ## - СЪЗДАВАНЕ И РЕДАКЦИЯ на ЗАПИСА
Създаване/Редакция Редакция
Дата на регистрацията/редакция 15.07.2015
Статус, дата на статуса ф /
Служител, извършил регистрацията/редакцията Людмила_Стоянова
999 ## - СИСТЕМНИ КОНТРОЛНИ НОМЕРА
Koha biblionumber 19792
Koha biblioitemnumber 19792
Наличности
Код за отписване Код за изгубен артикул Източник на класификационната схема Код за повреда Коз за рестрикции Код за отдаване Артикулен № Име на библиотеката - собственик Име на библиотеката, в която се намира в момента Статус (Текущо местоположение) Дата на вписване в системата Местоположение - отдел Цена в лева Инвентарен номер Систематично азбучна сигнатура Баркод Номер на екземпляра Цена в евро Служебна бележка Служебен тип на артикула
Изтеглен Не е изгубен Universal Decimal Classification Не е повреден без рестрикции заемане за дома 33015 Регионална библиотека "Любен Каравелов" Русе Регионална библиотека "Любен Каравелов" Русе Детски отдел 2001-01-01 Детски отдел 3.00 638089 ДХ 820/899/Л 13 638089 1 1.53 Дост: Pk Вид: Ф N: стар фонд Дата: 01.01.1998 Дата инв: 07.08.2015 Бележки инв: Д2015 Книги
  Не е изгубен Universal Decimal Classification Не е повреден без рестрикции ползва се в читалня 33016 Регионална библиотека "Любен Каравелов" Русе Регионална библиотека "Любен Каравелов" Русе Хранилище 2001-01-01 Хранилище 3.00 640237 Цб 195474 120000640237 2 1.53 Дост: Dp Вид: Д N: стар фонд Дата: 01.01.1998 Книги
Vip Innovations Ltd, Rousse, Bulgaria 2025